000 00964nam a22002417a 4500
008 240620b mp ||||| |||| 00| 0 mon d
020 _a978-9919-517-96-0
035 _a21817
040 _aUM0146080
_bmon
_cMN-UlNLM
_dMN-UlNLM
_erda
041 _amon
042 _a82615
084 _2NNA
_a84(4Гер)
_bК22
100 _aКэстнер Э.
245 0 _aНисдэг анги
264 _aУлаанбаатар
_bАДМОН ПРИНТ ХХК
_c2022
300 _a213х.
336 _2rdacontent
_atext
_btxt
337 _2rdamedia
_aunmediated
_bn
338 _2rdacarrier
_avolume
_bnc
650 _aНисдэг анги" зохиолыг Германы алдарт хүүхдийн зохиолч Эрих Кестер 19933 онд бичжээ. Зохиолд сургуулийнхаа дотуур байранд амьдард...
942 _2NNA
_cBK
999 _c1055498
_d1055555